Quran Liberation and Pluralism (Record no. 23263)

MARC details
000 -LEADER
fixed length control field 00449nam a2200169 a 4500
020 ## - INTERNATIONAL STANDARD BOOK NUMBER
ISBN 9781851681211
082 00 - DEWEY DECIMAL CLASSIFICATION NUMBER
Classification number 297.1226
Author Cutter ESA
100 ## - MAIN ENTRY--AUTHOR NAME
Author name Esack, Farid
245 ## - TITLE STATEMENT
Title Quran Liberation and Pluralism
260 ## - PUBLICATION, DISTRIBUTION, ETC. (IMPRINT)
Place of publication Oxford
Name of publisher One World Publications
Year of publication 2006
300 ## - PHYSICAL DESCRIPTION
Number of Pages 288p.
500 ## - GENERAL NOTE
General note includes index and biblioraphy
505 2# - FORMATTED CONTENTS NOTE
Formatted contents note Bibliography, Maps, Index
650 ## - SUBJECT ADDED ENTRY--TOPICAL TERM
Topical Term Quran and Liberation Theology
942 ## - ADDED ENTRY ELEMENTS (KOHA)
Koha item type Books
700 1# -
-- Esack, Farid

No items available.

                   Copyright © 2026 | Henry Martyn Institute | Hyderabad | TS-500052 | INDIA | Implemented by hmi.edu.in
Hit-Count:

Powered by Koha